Lange's Handbook of Chemistry /

Saved in:
Bibliographic Details
Main Author: Dean, John A (Author)
Format: Book
Language:English
Published: New York : McGraw-Hill, 1985
Edition:13Edition
Tags: Add Tag
No Tags, Be the first to tag this record!

MARC

LEADER 00000nam a22000003a 4500
001 stu18321
005 20150617225754.8
008 920305s1985----xxu-----------------eng-d
020 |a 0-07-016192-5 
040 |a STU  |b slo 
041 0 |a eng 
044 |a xxu 
080 |a 54 
100 1 |a Dean, John A  |4 aut 
245 1 |a Lange's Handbook of Chemistry /  |c [aut.]Dean,John A 
250 |a 13Edition 
260 |a New York :  |b McGraw-Hill,  |c 1985 
300 |a nepr.str :  |b Tab.,index 
996 |b C88983  |c C*88983  |l CCXXXI  |s P  |a 0  |w stu18321_0001